000 00412nam a22001697a 4500
005 20160521112411.0
008 160521b xxu||||| |||| 00| 0 eng d
020 _a81-88114-00-6
041 _aeng
082 _b3727
100 _aM. Kul Karni
_9941
245 _aMicrowave and radar engineering
260 _bJohn Willy & Sons Inc
_c2006
300 _a610
650 _aDIPLOMA ENGINEERING
_9817
942 _cBK
999 _c1283
_d1283